[Event "SVK-chT2B 1516"]
[Site "Slovakia"]
[Date "2015.11.07"]
[Round "3.2"]
[White "Cervenka, Peter"]
[Black "Belan, Martin"]
[Result "1-0"]
[WhiteElo "1749"]
[BlackElo "1121"]
[PlyCount "65"]
[EventDate "2015.10.17"]
[EventType "team-tourn"]
[EventRounds "11"]
[EventCountry "SVK"]
[SourceTitle "EXT 2019"]
[Source "ChessBase"]
[SourceDate "2018.10.10"]
[SourceVersion "1"]
[SourceVersionDate "2018.10.10"]
[SourceQuality "1"]
[WhiteTeam "Surany Lokomotiva"]
[BlackTeam "Topolciansky CVC II"]
[WhiteTeamCountry "SVK"]
[BlackTeamCountry "SVK"]

1. e4 d6 2. d4 Nf6 3. Nc3 g6 4. Be2 Bg7 5. Nf3 0-0 6. h3 Nbd7 7. Be3 c6 8. Qd2 e5 9. 0-0 Qc7 10. Rad1 Rd8 11. dxe5 dxe5 12. Qd6 Qxd6 13. Rxd6 Ne8 14. Rd2 Bf6 15. Rfd1 Ng7 16. Bc4 b5 17. Bb3 Ne6 18. Bxe6 fxe6 19. Ng5 Nf8 20. Rxd8 Bxd8 21. Rxd8 Kg7 22. a3 a6 23. Bc5 Nd7 24. Bd6 Kh6 25. Nxe6 Nb6 26. Bf8+ Kh5 27. Nc5 a5 28. Bg7 a4 29. Rh8 Kg5 30. Rxh7 Nc4 31. h4+ Kf4 32. Ne2+ Kg4 33. f3# 1-0

[Event "SVK-chT2B 1516"]
[Site "Slovakia"]
[Date "2015.10.17"]
[Round "1.3"]
[White "Belan, Martin"]
[Black "Bona, Juraj"]
[Result "0-1"]
[WhiteElo "1121"]
[BlackElo "1809"]
[PlyCount "64"]
[EventDate "2015.10.17"]
[EventType "team-tourn"]
[EventRounds "11"]
[EventCountry "SVK"]
[SourceTitle "EXT 2019"]
[Source "ChessBase"]
[SourceDate "2018.10.10"]
[SourceVersion "1"]
[SourceVersionDate "2018.10.10"]
[SourceQuality "1"]
[WhiteTeam "Topolciansky CVC II"]
[BlackTeam "Batorove Kosihy"]
[WhiteTeamCountry "SVK"]
[BlackTeamCountry "SVK"]

1. Nf3 d5 2. g3 Nc6 3. Bg2 e5 4. d3 Bg4 5. 0-0 Qd7 6. Nbd2 Nf6 7. c3 h6 8. Re1 e4 9. dxe4 dxe4 10. Nh4 g5 11. f3 Bc5+ 12. Kh1 Bh3 13. Nxe4 Nxe4 14. Qxd7+ Bxd7 15. fxe4 gxh4 16. gxh4 Bf2 17. Rf1 Bxh4 18. Bd2 0-0-0 19. b4 Rhg8 20. b5 Ne5 21. a4 Be6 22. Rfd1 Ng4 23. Kg1 Nf2 24. Rf1 Nh3+ 25. Kh1 Rxd2 26. Bxh3 Bxh3 27. Rg1 Rxg1+ 28. Rxg1 Rxe2 29. Rg8+ Kd7 30. Rg7 Re1+ 31. Rg1 Rxg1+ 32. Kxg1 Ke6 0-1